[Event "M.Chigorin Memorial 2017 "]
[Site "?????-?????????"]
[Date "2017.10.23"]
[Round "3"]
[Board "73"]
[White "Veselov, Andrey"]
[Black "Shubin, Kirill"]
[Result "0-1"]
[WhiteElo "2056"]
[BlackElo "2359"]
[PlyCount "88"]
[EventDate "2017.10.21"]
[EventRounds "9"]
[EventCountry "RUS"]

1. e4 e6 2. b3 d5 3. Bb2 dxe4 4. Nc3 Nf6 5. Qe2 Nbd7 6. Nxe4 Nxe4 7. Qxe4 Nf6
8. Qh4 Bc5 9. O-O-O h6 10. Nf3 Qe7 11. Ne5 c6 12. Bd3 Ba3 13. Rde1 Bd7 14. f4
Qb4 15. c3 Bxb2+ 16. Kxb2 Qd6 17. Bc2 c5 18. f5 O-O 19. Nxd7 Qxd7 20. fxe6 Qxd2
21. exf7+ Rxf7 22. Rd1 Qxg2 23. Rhg1 Qf3 24. Qxh6 Re8 25. Qh4 Ne4 26. Rd3 Qf6
27. Qh5 Re5 28. Rd8+ Qxd8 29. Qxe5 Re7 30. Rd1 Qe8 31. Qd5+ Kh8 32. Rd3 g6 33.
Rh3+ Kg7 34. Rh4 Nf6 35. Qg5 Re2 36. Qf4 b5 37. Rh3 Qe4 38. Qc7+ Kg8 39. Qd8+
Kf7 40. Qd1 b4 41. cxb4 cxb4 42. Rd3 Qe5+ 43. Rd4 Nd5 44. Kc1 Rxc2+  0-1

[Event "M.Chigorin Memorial 2017 "]
[Site "?????-?????????"]
[Date "2017.10.23"]
[Round "3"]
[Board "74"]
[White "Divya, Deshmukh"]
[Black "Bykov, Egor"]
[Result "0-1"]
[WhiteElo "2051"]
[BlackElo "2346"]
[PlyCount "138"]
[EventDate "2017.10.21"]
[EventRounds "9"]
[EventCountry "RUS"]

1. d4 Nf6 2. Bg5 d5 3. e3 c5 4. Bxf6 gxf6 5. Nc3 e6 6. Qh5 Nc6 7. O-O-O Bd7 8.
Bb5 a6 9. Bxc6 bxc6 10. Nge2 Rb8 11. dxc5 Bxc5 12. Nf4 Qa5 13. Qh4 Ba3 14. Qxf6
Bxb2+ 15. Kd2 Rg8 16. Nd3 Bxc3+ 17. Qxc3 Qxc3+ 18. Kxc3 Rxg2 19. Rhg1 Rxg1 20.
Rxg1 Kf8 21. Nc5 Bc8 22. a4 e5 23. Nd3 f6 24. f4 exf4 25. Nxf4 a5 26. Nh5 Rb4
27. Nxf6 Ke7 28. Nxh7 Rxa4 29. Rg7+ Kd6 30. Ng5 Rc4+ 31. Kb2 Bf5 32. c3 Rh4 33.
Nf3 Rh3 34. Rg3 Rh8 35. Ka3 Kc5 36. Nd4 Be4 37. Rg7 Rxh2 38. Rc7 Rh6 39. Rc8
Kb6 40. Rb8+ Kc7 41. Ra8 Kb6 42. Rb8+ Ka7 43. Rb2 Bd3 44. Nb3 Kb6 45. Nd4+ Bb5
46. Rd2 Rh3 47. Nc2 Kc5 48. Kb3 Bc4+ 49. Ka3 Bb5 50. Kb3 Kd6 51. e4 Rd3 52. Re2
d4 53. Rh2 Rxc3+ 54. Kb2 c5 55. Rh6+ Ke5 56. Rh4 Bd3 57. Ne3 a4 58. Nd5 Rb3+
59. Ka2 Bb1+ 60. Ka1 Bxe4 61. Rh5+ Kd6 62. Nf6 Re3 63. Ne8+ Kc6 64. Rh6+ Kb5
65. Nc7+ Kc4 66. Ra6 Bc2 67. Kb2 Bb3 68. Ra5 Re2+ 69. Kb1 d3  0-1

[Event "M.Chigorin Memorial 2017 "]
[Site "?????-?????????"]
[Date "2017.10.23"]
[Round "3"]
[Board "75"]
[White "Chen, Qi B"]
[Black "Ismagilov, Damir"]
[Result "1-0"]
[WhiteElo "2345"]
[BlackElo "2058"]
[PlyCount "79"]
[EventDate "2017.10.21"]
[EventRounds "9"]
[EventCountry "RUS"]

1. e4 c5 2. Nf3 Nc6 3. Bb5 Nf6 4. e5 Ng4 5. Bxc6 dxc6 6. h3 Nh6 7. O-O g6 8. d3
Bg7 9. Bf4 Nf5 10. c3 h5 11. Qe2 Be6 12. Nbd2 Bd5 13. Ne4 Bxe4 14. dxe4 Nh6 15.
Qc4 Qa5 16. Bxh6 Bxh6 17. e6 f6 18. Rad1 Rd8 19. Rxd8+ Qxd8 20. Qxc5 O-O 21.
Qxa7 Qc8 22. Rd1 Qxe6 23. Qxb7 Bf4 24. Nd4 Qxe4 25. Qxc6 Qxc6 26. Nxc6 Bd6 27.
a4 Ra8 28. Ra1 Kf7 29. b4 Ke6 30. c4 Kd7 31. b5 Kc7 32. a5 e5 33. a6 f5 34. Rd1
e4 35. Rd5 f4 36. c5 Bf8 37. Nd4 e3 38. b6+ Kc8 39. b7+ Kc7 40. bxa8=Q  1-0

[Event "M.Chigorin Memorial 2017 "]
[Site "?????-?????????"]
[Date "2017.10.23"]
[Round "3"]
[Board "76"]
[White "Malinovsky, Ilya"]
[Black "Chashchev, Sergey"]
[Result "1-0"]
[WhiteElo "2044"]
[BlackElo "2342"]
[PlyCount "75"]
[EventDate "2017.10.21"]
[EventRounds "9"]
[EventCountry "RUS"]

1. d4 d5 2. Bf4 c5 3. e3 Nc6 4. c3 Nf6 5. Nd2 Bf5 6. Qb3 Qd7 7. h3 c4 8. Qd1 e6
9. Ngf3 h6 10. Ne5 Nxe5 11. Bxe5 Be7 12. Be2 O-O 13. O-O b5 14. Qc1 Ne8 15. Bd1
f6 16. Bh2 b4 17. Bc2 bxc3 18. bxc3 Bxc2 19. Qxc2 Nd6 20. e4 Rab8 21. e5 fxe5
22. Bxe5 Rb6 23. Rfe1 Rc8 24. Bxd6 Bxd6 25. Nf3 Rcb8 26. Re2 Ra6 27. Rae1 Rbb6
28. Ne5 Qe8 29. f4 Qf8 30. Ng6 Qf5 31. Qxf5 exf5 32. Re8+ Kh7 33. R1e6 Rb1+ 34.
Kf2 Rxa2+ 35. Kg3 Bxf4+ 36. Kxf4 Rf1+ 37. Kg3 f4+ 38. Kh4  1-0

[Event "M.Chigorin Memorial 2017 "]
[Site "?????-?????????"]
[Date "2017.10.23"]
[Round "3"]
[Board "77"]
[White "Makoveev, Ilya"]
[Black "Biriukov, Oleg V."]
[Result "1/2-1/2"]
[WhiteElo "2041"]
[BlackElo "2336"]
[PlyCount "120"]
[EventDate "2017.10.21"]
[EventRounds "9"]
[EventCountry "RUS"]

1. e4 c5 2. Nf3 d6 3. d4 cxd4 4. Nxd4 Nf6 5. Nc3 a6 6. g3 e5 7. Nde2 Be7 8. Bg2
O-O 9. a4 Nc6 10. O-O Nb4 11. b3 Be6 12. Ba3 a5 13. Nb5 d5 14. c3 Nc6 15. Bxe7
Nxe7 16. exd5 Bxd5 17. c4 Bxg2 18. Kxg2 Qb6 19. Nec3 Rad8 20. Qe2 Nc6 21. Rad1
Qc5 22. f3 h6 23. Rxd8 Rxd8 24. Rd1 Rxd1 25. Nxd1 Nd4 26. Qd3 b6 27. Nf2 Ne6
28. Qd2 Qc6 29. Qe3 Nc5 30. h3 h5 31. Nd3 e4 32. Ne5 exf3+ 33. Nxf3 Nfe4 34.
Nbd4 Qg6 35. Nh4 Qf6 36. Nhf3 Qg6 37. Nh4 Qd6 38. Nhf5 Qe5 39. Qf4 Qxf4 40.
gxf4 Kf8 41. Ne3 Nd2 42. Nd5 Ndxb3 43. Nxb3 Nxb3 44. Kf2 Nc5 45. Nxb6 Ke7 46.
Nd5+ Kd6 47. Nc3 Ne6 48. Ne4+ Kc6 49. Ke3 f5 50. Nd2 Kc5 51. Nb3+ Kb4 52. Nd4
Nc5 53. Nc6+ Kxa4 54. Kd4 Nd7 55. h4 Nf8 56. Ke5 Ng6+ 57. Kxf5 Nxh4+ 58. Kg5
Ng2 59. Kxh5 Nxf4+ 60. Kg5 Ne6+  1/2-1/2

[Event "M.Chigorin Memorial 2017 "]
[Site "?????-?????????"]
[Date "2017.10.23"]
[Round "3"]
[Board "78"]
[White "Askerov, Marat"]
[Black "Zabolotnov, Evgeny"]
[Result "1/2-1/2"]
[WhiteElo "2332"]
[BlackElo "2049"]
[PlyCount "109"]
[EventDate "2017.10.21"]
[EventRounds "9"]
[EventCountry "RUS"]

1. d4 d5 2. c4 c6 3. Nf3 Nf6 4. Nc3 dxc4 5. a4 Bf5 6. e3 e6 7. Bxc4 Bb4 8. O-O
Nbd7 9. Nh4 Bg6 10. g3 O-O 11. Nxg6 hxg6 12. Qc2 Qa5 13. Rd1 Rad8 14. e4 e5 15.
Be3 exd4 16. Bxd4 Bc5 17. Be2 Bxd4 18. Rxd4 Qb6 19. Rad1 Nc5 20. a5 Qc7 21. a6
Rxd4 22. Rxd4 Qe5 23. Rb4 b5 24. f4 Qe7 25. Rd4 Nxa6 26. Qd1 c5 27. Rd6 Nc7 28.
e5 b4 29. Na4 Nfe8 30. Rd7 Qe6 31. Nxc5 Qb6 32. Qd4 Ne6 33. Nxe6 Qxe6 34. Rxa7
Qc6 35. Bc4 Nc7 36. b3 Nb5 37. Bxb5 Qxb5 38. e6 Qe2 39. exf7+ Kh8 40. f5 g5 41.
Rd7 Qe1+ 42. Kg2 Qe2+ 43. Qf2 Qb5 44. Re7 g4 45. f6 Qd5+ 46. Kg1 g5 47. Qe2
Qd4+ 48. Qf2 Qd5 49. h3 gxh3 50. Kh2 g4 51. Re8 Qxf7 52. Rxf8+ Qxf8 53. Qf4 Qg8
54. f7 Qxf7 55. Qxf7  1/2-1/2

[Event "M.Chigorin Memorial 2017 "]
[Site "?????-?????????"]
[Date "2017.10.23"]
[Round "3"]
[Board "79"]
[White "Davtyan, Artur"]
[Black "Gorbatenko, Alexander"]
[Result "1/2-1/2"]
[WhiteElo "2318"]
[BlackElo "2042"]
[PlyCount "232"]
[EventDate "2017.10.21"]
[EventRounds "9"]
[EventCountry "RUS"]

1. d4 d5 2. c4 e6 3. Nc3 Nf6 4. Nf3 a6 5. cxd5 exd5 6. Bg5 Be6 7. e3 Nbd7 8.
Be2 Be7 9. O-O O-O 10. Qc2 Rc8 11. Rad1 c5 12. Qb1 b5 13. dxc5 Nxc5 14. a3 Qb6
15. Nd4 b4 16. axb4 Qxb4 17. Qa2 Rfe8 18. Bf3 Nfe4 19. Bxe4 dxe4 20. Nxe6 fxe6
21. Bxe7 Rxe7 22. Rd4 Qb7 23. b4 Nd3 24. Nxe4 Nxb4 25. Qd2 Rb8 26. Rb1 a5 27.
Rd8+ Re8 28. Rxe8+ Rxe8 29. Nc5 Qd5 30. Qxd5 exd5 31. h3 Rb8 32. Kf1 Kf7 33.
Ke2 Ke7 34. Nd3 Kd6 35. Kd2 Rf8 36. f3 Nxd3 37. Kxd3 Ra8 38. Rb7 a4 39. Kc2 a3
40. Kb1 Re8 41. Rb3 Ra8 42. Rb7 Re8 43. Rb3 Ra8 44. Ka2 Kc5 45. Rd3 g5 46. Rd2
h5 47. Kb3 h4 48. Ka2 Re8 49. Rd3 d4 50. Rxd4 Rxe3 51. Rg4 Re5 52. Kxa3 Kd5 53.
Kb3 Ke6 54. Kc3 Kf5 55. Kd2 Re7 56. Rd4 Re5 57. Rg4 Re6 58. Rc4 Re5 59. Rd4 Re6
60. Rg4 Re5 61. Kd1 Re6 62. Rd4 Re5 63. Ra4 Kf6 64. f4 gxf4 65. Rxf4+ Kg5 66.
Rg4+ Kh5 67. Kd2 Re8 68. Kd3 Re1 69. Re4 Rg1 70. Re2 Kg5 71. Ke3 Rf1 72. Ra2
Rf5 73. Ra4 Kh5 74. Rd4 Rg5 75. Kf2 Rf5+ 76. Ke3 Rg5 77. Rd8 Rg7 78. Rf8 Kh6
79. Kf2 Kh5 80. Rf5+ Kh6 81. Rf4 Kh5 82. Re4 Rg8 83. Ra4 Rg7 84. Ra5+ Kh6 85.
Rf5 Rg8 86. Rf7 Rg6 87. Rf4 Kh5 88. Rf8 Kg5 89. Kf3 Rg7 90. Rf4 Kh5 91. Rf5+
Kh6 92. Ra5 Rg3+ 93. Kf2 Rg7 94. Ra2 Rf7+ 95. Ke3 Kh5 96. Ke4 Rf8 97. Ra7 Kh6
98. Ra6+ Kh5 99. Ke5 Rf7 100. Rf6 Rg7 101. Rf8 Kg5 102. Rf5+ Kh6 103. Rf6+ Kh5
104. Rf8 Kg5 105. Ke6 Rg6+ 106. Ke7 Rg7+ 107. Ke6 Rg6+ 108. Ke5 Rg7 109. Re8
Rg6 110. Ra8 Kh6 111. Ra2 Kg5 112. Rd2 Kh5 113. Kf5 Rg5+ 114. Kf6 Rg6+ 115. Kf7
Kh6 116. Rd8 Rg7+  1/2-1/2

[Event "M.Chigorin Memorial 2017 "]
[Site "?????-?????????"]
[Date "2017.10.23"]
[Round "3"]
[Board "80"]
[White "Golovkina, Anastasia"]
[Black "Donskov, Anatoly"]
[Result "0-1"]
[WhiteElo "2035"]
[BlackElo "2308"]
[PlyCount "40"]
[EventDate "2017.10.21"]
[EventRounds "9"]
[EventCountry "RUS"]

1. e4 c5 2. Nf3 Nc6 3. d4 cxd4 4. Nxd4 Nf6 5. Nc3 d6 6. Bg5 e6 7. Qd2 Be7 8.
O-O-O O-O 9. f3 Nxd4 10. Qxd4 a6 11. h4 b5 12. g4 Bb7 13. Kb1 Rc8 14. Qd2 b4
15. Ne2 Nxe4 16. fxe4 Bxe4 17. Nd4 Bxh1 18. Bd3 Bd5 19. Bxe7 Qxe7 20. g5 f5  0-1

[Event "M.Chigorin Memorial 2017 "]
[Site "?????-?????????"]
[Date "2017.10.23"]
[Round "3"]
[Board "81"]
[White "Remizov, Yaroslav"]
[Black "Zavgorodniaya, Alena"]
[Result "1-0"]
[WhiteElo "2306"]
[BlackElo "2039"]
[PlyCount "87"]
[EventDate "2017.10.21"]
[EventRounds "9"]
[EventCountry "RUS"]

1. e4 e5 2. Nf3 Nc6 3. d4 exd4 4. Nxd4 Nf6 5. Nxc6 bxc6 6. Bd3 d5 7. exd5 cxd5
8. O-O Be7 9. Bg5 O-O 10. Nc3 c6 11. Qf3 Rb8 12. b3 Bg4 13. Qg3 Be6 14. f4 d4
15. Ne2 Bd5 16. Qh4 h6 17. Ng3 Re8 18. Rae1 Be6 19. Nf5 Bxf5 20. Bxf5 d3 21.
Kh1 d2 22. Rd1 Nd5 23. Rxd2 Qa5 24. Rd3 Bxg5 25. fxg5 Ne3 26. Rxe3 Rxe3 27.
gxh6 gxh6 28. Qg4+ Kf8 29. Qf4 Qe5 30. Qxh6+ Ke7 31. h3 Rh8 32. Qxc6 Re1 33.
Qc4 a5 34. Bg4 Rxf1+ 35. Qxf1 Re8 36. Qe2 Qxe2 37. Bxe2 Kf6 38. Bd3 Re1+ 39.
Kh2 Ra1 40. a4 Kg5 41. Kg3 Rh1 42. Kf2 Kh4 43. Bf1 f5 44. g3+  1-0

[Event "M.Chigorin Memorial 2017 "]
[Site "?????-?????????"]
[Date "2017.10.23"]
[Round "3"]
[Board "82"]
[White "Nazaretyan, Tigran"]
[Black "Kiseleva, Arina"]
[Result "1/2-1/2"]
[WhiteElo "2303"]
[BlackElo "2038"]
[PlyCount "156"]
[EventDate "2017.10.21"]
[EventRounds "9"]
[EventCountry "RUS"]

1. d4 e6 2. Nf3 f5 3. g3 Nf6 4. Bg2 Be7 5. O-O O-O 6. c4 d6 7. Nc3 Nc6 8. d5
exd5 9. cxd5 Ne5 10. Nd4 a6 11. Qc2 g6 12. h3 Bd7 13. Kh2 Re8 14. Qb3 Qc8 15.
Bf4 Kh8 16. Rac1 Nh5 17. Bd2 Rb8 18. f4 Nf7 19. e4 Ng7 20. Rfe1 Bf6 21. Be3 g5
22. fxg5 Bxg5 23. Bxg5 Nxg5 24. exf5 Nxf5 25. Qc4 Ne3 26. Rxe3 Rxe3 27. h4 Nf7
28. Nf3 Ne5 29. Nxe5 Rxe5 30. Ne4 Bf5 31. Ng5 Re7 32. Qd4+ Kg8 33. Rf1 Qd7 34.
g4 Bxg4 35. Ne4 Rxe4 36. Bxe4 Re8 37. Bf3 h5 38. Bxg4 hxg4 39. Rf4 g3+ 40. Kxg3
Qe7 41. Qf2 Qe5 42. Qd4 Qe1+ 43. Rf2 Rf8 44. Qg4+ Kh7 45. Qh5+ Kg7 46. Qe2 Qxe2
47. Rxe2 Kg6 48. Re7 Rc8 49. Kg4 b5 50. h5+ Kh6 51. Re6+ Kh7 52. Kf5 Rf8+ 53.
Rf6 Re8 54. Re6 Rf8+ 55. Kg5 Rg8+ 56. Kf6 Rg2 57. Re7+ Kh6 58. Rxc7 Rxb2 59. a3
Rb3 60. Ke6 Rxa3 61. Kxd6 b4 62. Rb7 a5 63. Kc5 Rc3+ 64. Kd4 Rc1 65. Rb5 Rd1+
66. Kc5 Kxh5 67. Rxa5 b3 68. Rb5 Rc1+ 69. Kd4 Rb1 70. Kc3 Kg6 71. d6 Kf7 72.
Rd5 Ke8 73. d7+ Kd8 74. Kb4 b2 75. Kb3 Rc1 76. Kxb2 Rc7 77. Kb3 Rxd7 78. Rxd7+
Kxd7  1/2-1/2

[Event "M.Chigorin Memorial 2017 "]
[Site "?????-?????????"]
[Date "2017.10.23"]
[Round "3"]
[Board "83"]
[White "Popovich, Alexey"]
[Black "Konaplev, Anton"]
[Result "0-1"]
[WhiteElo "2023"]
[BlackElo "2298"]
[PlyCount "108"]
[EventDate "2017.10.21"]
[EventRounds "9"]
[EventCountry "RUS"]

1. e4 e6 2. d4 d5 3. Nd2 c5 4. c3 Nf6 5. Bd3 cxd4 6. cxd4 dxe4 7. Nxe4 Bb4+ 8.
Nc3 O-O 9. Nf3 b6 10. O-O Bb7 11. Re1 Nc6 12. a3 Bxc3 13. bxc3 Rc8 14. Bb2 Na5
15. Ne5 Bd5 16. Qe2 Qc7 17. Ba6 Rcd8 18. Bd3 Rc8 19. Ba6 Rb8 20. c4 Ba8 21.
Rad1 Rfd8 22. Rd3 Nc6 23. d5 exd5 24. cxd5 Nxd5 25. Ng4 Nf4 26. Rxd8+ Qxd8 27.
Qe4 Ng6 28. Qf5 Nd4 29. Qd3 Ne6 30. Qc3 Qc7 31. Bc4 Ngf4 32. Re3 Rc8 33. Bxe6
Qxc3 34. Rxc3 Rxc3 35. Bxc3 Ne2+ 36. Kf1 Nxc3 37. Bb3 Nb1 38. Ba2 Nxa3 39. Ne5
Kf8 40. Nxf7 Ke7 41. f3 b5 42. Ke2 a5 43. Ne5 Kd6 44. Nd3 Bd5 45. Bxd5 Kxd5 46.
Kd2 b4 47. Kc1 Kd4 48. Nf4 Kc3 49. Nd5+ Kb3 50. Nb6 Nc4 51. Nd7 Ka3 52. Nc5 b3
53. Ne4 Kb4 54. f4 a4  0-1

[Event "M.Chigorin Memorial 2017 "]
[Site "?????-?????????"]
[Date "2017.10.23"]
[Round "3"]
[Board "84"]
[White "Gogin, Maksim"]
[Black "Savinov, Leonid"]
[Result "1-0"]
[WhiteElo "2296"]
[BlackElo "2035"]
[PlyCount "75"]
[EventDate "2017.10.21"]
[EventRounds "9"]
[EventCountry "RUS"]

1. d4 d5 2. Nf3 c6 3. c4 e6 4. Qb3 f5 5. Nc3 Nf6 6. Bg5 Nbd7 7. e3 Be7 8. Bd3
Ne4 9. Bf4 Ndf6 10. O-O O-O 11. Be5 b6 12. cxd5 exd5 13. Rac1 Kh8 14. Qa4 Bd7
15. Qc2 a5 16. Ne2 Kg8 17. h3 c5 18. dxc5 bxc5 19. Nf4 c4 20. Bxe4 fxe4 21. Nd4
Ra6 22. Bxf6 Bxf6 23. Nxd5 Qc8 24. Nxf6+ Raxf6 25. Qxc4+ Kh8 26. Qxc8 Bxc8 27.
Rc6 Ba6 28. Rxf6 gxf6 29. Rc1 Rb8 30. b3 a4 31. Rc6 axb3 32. axb3 Bd3 33. Rxf6
Kg7 34. Rf4 Ra8 35. b4 Ra1+ 36. Kh2 Rb1 37. b5 h5 38. Kg3  1-0

[Event "M.Chigorin Memorial 2017 "]
[Site "?????-?????????"]
[Date "2017.10.23"]
[Round "3"]
[Board "85"]
[White "Poznyak, Nazar"]
[Black "Ivlev, Aleksey"]
[Result "0-1"]
[WhiteElo "2014"]
[BlackElo "2296"]
[PlyCount "52"]
[EventDate "2017.10.21"]
[EventRounds "9"]
[EventCountry "RUS"]

1. d4 d5 2. c4 c6 3. Nf3 Nf6 4. g3 e6 5. Bg2 Bb4+ 6. Nbd2 dxc4 7. O-O b5 8. Ne5
Bb7 9. Ne4 Nxe4 10. Bxe4 O-O 11. h4 f6 12. Nf3 Nd7 13. h5 Be7 14. b3 f5 15. Bb1
c5 16. e3 Qe8 17. Ne5 Nxe5 18. dxe5 Qc6 19. f3 c3 20. h6 Qc7 21. hxg7 Rf7 22.
f4 Rxg7 23. Kh2 Kh8 24. Bd3 Rag8 25. Rg1 Bh4 26. g4 Rxg4  0-1

[Event "M.Chigorin Memorial 2017 "]
[Site "?????-?????????"]
[Date "2017.10.23"]
[Round "3"]
[Board "86"]
[White "Dmitriev, Vladimir"]
[Black "Yeritsyan, Aram"]
[Result "0-1"]
[WhiteElo "2013"]
[BlackElo "2293"]
[PlyCount "60"]
[EventDate "2017.10.21"]
[EventRounds "9"]
[EventCountry "RUS"]

1. e4 e5 2. Nf3 Nc6 3. Bc4 Bc5 4. c3 Nf6 5. d3 a6 6. b4 Ba7 7. Qb3 O-O 8. Bg5
d6 9. Nbd2 Qe7 10. h4 h6 11. Bxf6 Qxf6 12. h5 Ne7 13. Qb2 b5 14. Bb3 c5 15.
bxc5 Bxc5 16. d4 Bb6 17. a4 exd4 18. cxd4 Nc6 19. e5 dxe5 20. dxe5 Re8 21. Ne4
Qe7 22. Bd5 Nb4 23. O-O-O Nxd5 24. Rxd5 Bb7 25. Rhd1 Rac8+ 26. Kb1 Qe6 27. Qd2
Qf5 28. Qd3 Bxd5 29. Nf6+ Qxf6 30. exf6 Be4  0-1

[Event "M.Chigorin Memorial 2017 "]
[Site "?????-?????????"]
[Date "2017.10.23"]
[Round "3"]
[Board "87"]
[White "Yudkevich, Mikhail"]
[Black "Evdokimov, Alexey"]
[Result "1/2-1/2"]
[WhiteElo "2005"]
[BlackElo "2280"]
[PlyCount "194"]
[EventDate "2017.10.21"]
[EventRounds "9"]
[EventCountry "RUS"]

1. d4 Nf6 2. c4 g6 3. Nc3 Bg7 4. e4 O-O 5. Nf3 d6 6. Be2 c5 7. d5 e6 8. O-O
exd5 9. cxd5 Bg4 10. h3 Bxf3 11. Bxf3 Re8 12. Re1 a6 13. a4 Nbd7 14. a5 Qc7 15.
Qc2 Re7 16. Bd2 Rae8 17. Na4 Rc8 18. Rac1 Qd8 19. b3 Ne8 20. Bg4 Rb8 21. Bxd7
Qxd7 22. Nb6 Qd8 23. Bc3 f6 24. Qb2 Rf7 25. Rcd1 Nc7 26. b4 cxb4 27. Qxb4 Nb5
28. Bb2 Bh6 29. Bc1 Bg7 30. Bb2 Qe8 31. f4 Re7 32. Kh1 Rd8 33. Re2 Nc7 34. Rde1
Qb5 35. Qxb5 Nxb5 36. e5 fxe5 37. fxe5 dxe5 38. Bxe5 Bxe5 39. Rxe5 Rxe5 40.
Rxe5 Kf7 41. Kg1 Kf6 42. Re6+ Kf7 43. Re3 Rd6 44. Kf2 Nc7 45. Rc3 Nxd5 46. Nxd5
Rxd5 47. Rc7+ Ke6 48. Rxb7 h5 49. h4 Rxa5 50. Kf3 Ra4 51. g3 Kf6 52. Rb8 Ra5
53. Ra8 Ra3+ 54. Kf4 Ra4+ 55. Kf3 Ra1 56. Ke3 Kf5 57. Rg8 Ra3+ 58. Kf2 a5 59.
Kg2 Ra4 60. Kf3 Ra3+ 61. Kg2 Rb3 62. Rf8+ Ke6 63. Rg8 Kf6 64. Ra8 Rb5 65. Kf3
Rb3+ 66. Kg2 Rb5 67. Kf3 Ke6 68. Ra6+ Kf5 69. Kg2 Rb2+ 70. Kh3 Ra2 71. Ra8 a4
72. Ra5+ Ke4 73. Ra6 a3 74. g4 hxg4+ 75. Kxg4 Ra1 76. Kg3 Ke3 77. Kg2 a2 78. h5
gxh5 79. Ra8 Kd4 80. Kh2 Kc4 81. Kg2 Kd5 82. Kh2 Ke4 83. Re8+ Kf4 84. Rf8+ Kg4
85. Rg8+ Kh4 86. Ra8 Kg4 87. Rg8+ Kf3 88. Rf8+ Ke2 89. Re8+ Kd3 90. Rd8+ Kc4
91. Rc8+ Kb5 92. Rb8+ Kc6 93. Ra8 Kb7 94. Ra3 h4 95. Ra4 Kb6 96. Ra8 h3 97. Ra3
Kb5  1/2-1/2

[Event "M.Chigorin Memorial 2017 "]
[Site "?????-?????????"]
[Date "2017.10.23"]
[Round "3"]
[Board "88"]
[White "Artamonov, Valery"]
[Black "Nikitinyh, Boris"]
[Result "1-0"]
[WhiteElo "2273"]
[BlackElo "2027"]
[PlyCount "99"]
[EventDate "2017.10.21"]
[EventRounds "9"]
[EventCountry "RUS"]

1. c4 Nf6 2. Nc3 g6 3. e4 d6 4. d4 Bg7 5. Be2 O-O 6. Bg5 h6 7. Be3 Kh7 8. h4
Nc6 9. h5 g5 10. Nf3 e5 11. d5 g4 12. Ng5+ Kg8 13. dxc6 bxc6 14. f3 hxg5 15.
Bxg5 Kh7 16. fxg4 Qd7 17. h6 Bh8 18. Rh4 Ng8 19. Qd2 f6 20. Be3 Ne7 21. O-O-O
Qe6 22. Rf1 Qg8 23. Qc2 Be6 24. Nd1 Bf7 25. Rh3 Bg6 26. Bd3 Qe6 27. Nf2 c5 28.
Rf3 Nc6 29. g5 Nb4 30. Qb1 Nxd3+ 31. Qxd3 f5 32. exf5 Rxf5 33. Rxf5 Bxf5 34.
Ne4 Bg6 35. Bd2 Rd8 36. Qe2 Rd7 37. Rf6 Bxf6 38. Nxf6+ Kh8 39. Nxd7 Qxd7 40.
Qf3 Kg8 41. b3 Qf7 42. Ba5 c6 43. Qxc6 Qf4+ 44. Kb2 Qxg5 45. Qd5+ Kh7 46. Qxd6
Qxh6 47. Qxe5 Qg7 48. Bc3 Qxe5 49. Bxe5 Be4 50. g3  1-0

[Event "M.Chigorin Memorial 2017 "]
[Site "?????-?????????"]
[Date "2017.10.23"]
[Round "3"]
[Board "89"]
[White "Sergeeva, Natalia"]
[Black "Obgolts, Erik"]
[Result "1-0"]
[WhiteElo "1994"]
[BlackElo "2271"]
[PlyCount "119"]
[EventDate "2017.10.21"]
[EventRounds "9"]
[EventCountry "RUS"]

1. e4 g6 2. d4 Bg7 3. Nc3 c6 4. Be3 d6 5. h3 Nf6 6. f4 O-O 7. Nf3 Nbd7 8. e5
Nd5 9. Nxd5 cxd5 10. Bd3 dxe5 11. dxe5 e6 12. Qd2 b6 13. h4 Nc5 14. O-O-O Nxd3+
15. Qxd3 Qc7 16. Kb1 Bd7 17. h5 Rfc8 18. Nd4 Qc4 19. Qd2 a5 20. hxg6 hxg6 21.
Qf2 Qb4 22. Qh4 Rc3 23. Bd2 Qxd4 24. Bxc3 Qe4 25. Qf2 b5 26. Rd4 Qf5 27. Qf3 g5
28. Rh5 g4 29. Rxf5 gxf3 30. Rg5 b4 31. Be1 Kf8 32. Rg3 fxg2 33. Rxg2 f6 34.
Bg3 Kf7 35. Kc1 Rh8 36. Rh2 Rxh2 37. Bxh2 Kg6 38. Rd3 Bb5 39. Rg3+ Kf7 40. Rg2
Bh6 41. Kd1 Bf1 42. Rf2 Bh3 43. Bg3 Bg4+ 44. Ke1 Bf5 45. exf6 Kxf6 46. Bh4+ Kf7
47. Bd8 a4 48. Bb6 Bg7 49. b3 Bc3+ 50. Kd1 axb3 51. axb3 d4 52. Bc7 Ke7 53. Be5
Kd7 54. Bxd4 Bg4+ 55. Kc1 Be1 56. Rg2 Bf3 57. Rg1 Bh4 58. Bc5 Kc6 59. Bxb4 Kd5
60. Rg6  1-0

[Event "M.Chigorin Memorial 2017 "]
[Site "?????-?????????"]
[Date "2017.10.23"]
[Round "3"]
[Board "90"]
[White "Slugin, Yaroslav"]
[Black "Rjabzev, Konstantin"]
[Result "1-0"]
[WhiteElo "1992"]
[BlackElo "2270"]
[PlyCount "120"]
[EventDate "2017.10.21"]
[EventRounds "9"]
[EventCountry "RUS"]

1. e4 e5 2. Nc3 d6 3. f4 exf4 4. d4 Qh4+ 5. Ke2 Bg4+ 6. Nf3 Nc6 7. Bxf4 Nf6 8.
Bg3 Qh6 9. Kf2 O-O-O 10. Bb5 d5 11. Bxc6 bxc6 12. Re1 Bb4 13. exd5 cxd5 14. Qd3
Ne4+ 15. Kg1 Bxc3 16. bxc3 Bxf3 17. gxf3 Nxg3 18. hxg3 Qg6 19. Qxg6 hxg6 20.
Re7 Rh3 21. Rxf7 Rdh8 22. Kf2 Rh2+ 23. Ke3 Rxc2 24. Kd3 Rg2 25. Re1 Rxg3 26.
Ree7 Kb8 27. Kc2 Rg2+ 28. Kb3 Rhh2 29. Rxc7 Rb2+ 30. Ka3 Rxa2+ 31. Kb4 Rhb2+
32. Kc5 Ra5+ 33. Kd6 Rb6+ 34. Kd7 Ka8 35. Rxg7 Raa6 36. Rg8+ Rb8 37. Rxb8+ Kxb8
38. Rc8+ Kb7 39. Rc7+ Kb8 40. Rc6 Ra2 41. Kd6 Rf2 42. Kxd5 Rxf3 43. c4 Rg3 44.
Rf6 a5 45. c5 a4 46. Ra6 a3 47. Kc6 g5 48. d5 Rf3 49. Ra4 Rf6+ 50. d6 Rg6 51.
Rxa3 g4 52. Rb3+ Kc8 53. Rg3 Rg7 54. Ra3 Kb8 55. Re3 Rg6 56. Re8+ Ka7 57. Kc7
g3 58. Re2 Ka6 59. d7 Rg7 60. Kc8 g2  1-0

[Event "M.Chigorin Memorial 2017 "]
[Site "?????-?????????"]
[Date "2017.10.23"]
[Round "3"]
[Board "91"]
[White "Salman, Pavel"]
[Black "Kutyanina, Mariya"]
[Result "1/2-1/2"]
[WhiteElo "2260"]
[BlackElo "2020"]
[PlyCount "69"]
[EventDate "2017.10.21"]
[EventRounds "9"]
[EventCountry "RUS"]

1. d4 Nf6 2. c4 e6 3. g3 d5 4. Nf3 Bb4+ 5. Bd2 Bd6 6. Bg2 c6 7. O-O O-O 8. Nc3
dxc4 9. Bg5 Nbd7 10. Qc2 Be7 11. e4 h6 12. Bxf6 Nxf6 13. Rfd1 Qc7 14. a4 Rb8
15. b3 cxb3 16. Qxb3 Rd8 17. Rac1 Qa5 18. Rb1 b6 19. Ne5 Bb7 20. Bh3 Rxd4 21.
Rxd4 Qxe5 22. Rd2 Nxe4 23. Nxe4 Qxe4 24. Bg2 Qf5 25. Rbd1 Bc5 26. Qf3 Qxf3 27.
Bxf3 a5 28. Rd7 Ba6 29. Bxc6 Bc4 30. Rc1 Bb3 31. Rc3 Ba2 32. Rc2 Bb3 33. Rc3
Ba2 34. Rc2 Bb3 35. Rc3  1/2-1/2

[Event "M.Chigorin Memorial 2017 "]
[Site "?????-?????????"]
[Date "2017.10.23"]
[Round "3"]
[Board "92"]
[White "Chukavin, Kirill"]
[Black "Gagare, Shalmali"]
[Result "1-0"]
[WhiteElo "2256"]
[BlackElo "2013"]
[PlyCount "125"]
[EventDate "2017.10.21"]
[EventRounds "9"]
[EventCountry "RUS"]

1. e4 e6 2. d4 d5 3. Nd2 c5 4. exd5 Qxd5 5. Ngf3 cxd4 6. Bc4 Qd6 7. O-O Nf6 8.
Nb3 Nc6 9. Nbxd4 Nxd4 10. Nxd4 a6 11. Re1 Qc7 12. Bb3 Bd6 13. h3 O-O 14. Bg5
Bf4 15. Bxf6 gxf6 16. Qh5 Kh8 17. c3 Rg8 18. Rad1 b5 19. Bc2 Rg7 20. Be4 Bb7
21. Qf3 Rb8 22. Bxb7 Qxb7 23. Qxb7 Rxb7 24. Nb3 Rg8 25. Re4 Be5 26. Kf1 Rc8 27.
Na5 Ra7 28. Nc6 Rac7 29. Nxe5 fxe5 30. Rxe5 Rc4 31. a3 Kg7 32. Rd6 R8c6 33.
Rxc6 Rxc6 34. Ke2 f6 35. Re4 e5 36. Rg4+ Kf7 37. Rh4 Kg6 38. a4 Rb6 39. Rb4 Kf5
40. c4 Ke6 41. cxb5 a5 42. Rc4 Kd5 43. Kd3 f5 44. b4 axb4 45. Rxb4 Kc5 46. Rc4+
Kd5 47. Kc3 f4 48. Rc6 Rb7 49. g3 fxg3 50. fxg3 h5 51. Kb4 e4 52. a5 e3 53. a6
Re7 54. Rc1 e2 55. Re1 Re4+ 56. Ka5 Kc5 57. a7 Re8 58. b6 Kc6 59. Rxe2 Rg8 60.
Ka6 h4 61. Rc2+ Kd7 62. gxh4 Rh8 63. Kb7  1-0